header

Applied Mathematics (Record no. 256661)

MARC details
000 -LEADER
fixed length control field 00272nam a22001097a 4500
008 - FIXED-LENGTH DATA ELEMENTS--GENERAL INFORMATION
fixed length control field 180116b xxu||||| |||| 00| 0 eng d
020 ## - INTERNATIONAL STANDARD BOOK NUMBER
International Standard Book Number 0135745756
100 ## - MAIN ENTRY--PERSONAL NAME
Personal name Raymond A Barnett & Michael R. Ziegler
245 ## - TITLE STATEMENT
Title Applied Mathematics
250 ## - EDITION STATEMENT
Edition statement 6th ed
260 ## - PUBLICATION, DISTRIBUTION, ETC. (IMPRINT)
Date of publication, distribution, etc 1996
Holdings
Withdrawn status Lost status Source of classification or shelving scheme Damaged status Koha normalized classification for sorting Not for loan Koha collection Location (home branch) Sublocation or collection (holding branch) Shelving location Date acquired Koha issues (times borrowed) Koha full call number Piece designation (barcode) Koha date last seen Koha date last borrowed Price effective from Koha item type
Withdrawn   Library of Congress Classification Damaged QA00392 B366 01996   Non-fiction Rongo University Library Rongo University Library General Stacks 16/01/2018 6 QA39.2.B366 1996 20152982 16/10/2019 02/10/2019 16/01/2018 Long Loan Books

© 2026 Rongo University
Contact us: librarian | system librarian | Rongo university